000 00334nam a2200133 i 4500
001 bg
100 1 _aŁUKAWER, Edward
245 0 _aSpór o racjonalność gospodarki socjalistycznej /
_cEdward Łukawer.
260 _aWarszawa,
_c1985.
040 _cBPK
041 _apol
942 _cKS
008 s pl f |000 0 pol
999 _c22910
_d22910
856 _uhttp://koha.tu.koszalin.pl/cgi-bin/koha/opac-detail.pl?biblionumber=22910
_yKatalog online BPK